Mujaddid-e-Azam مجدد اعظم / (Record no. 85204)
[ view plain ]
| 000 -LEADER | |
|---|---|
| fixed length control field | 00661ccm a22002053 4500 |
| 001 - CONTROL NUMBER | |
| control field | 85204 |
| 003 - CONTROL NUMBER IDENTIFIER | |
| rucl marc code | BD-RjUL |
| 005 - DATE AND TIME OF LATEST TRANSACTION | |
| control field | 20250715110543.0 |
| 008 - FIXED-LENGTH DATA ELEMENTS--GENERAL INFORMATION | |
| fixed length control field | 250715s1958 pk ||||| 0 urd d |
| 035 ## - SYSTEM CONTROL NUMBER | |
| System control number | (BD-RjUL)85204 |
| 040 ## - CATALOGING SOURCE | |
| Original cataloging agency | DLC |
| Language of cataloging | eng |
| Transcribing agency | DLC |
| 041 0# - LANGUAGE CODE | |
| Language code of text/sound track or separate title | urd |
| 082 ## - DEWEY DECIMAL CLASSIFICATION NUMBER | |
| Edition number | 23 |
| Classification number | 297.092 |
| Author mark and year | HAM 1958 |
| 245 00 - TITLE STATEMENT | |
| Title | Mujaddid-e-Azam مجدد اعظم / |
| Statement of responsibility, etc. | Muhamamd Haleem |
| 264 #1 - PRODUCTION, PUBLICATION, DISTRIBUTION, MANUFACTURE, AND COPYRIGHT NOTICE | |
| Place of production, publication, distribution, manufacture | Lahore : |
| Name of producer, publisher, distributor, manufacturer | شعاع ادب., |
| Date of production, publication, distribution, manufacture, or copyright notice | 1958 |
| 300 ## - PHYSICAL DESCRIPTION | |
| Pagination | 264 p.; |
| Size | 17 cm |
| 588 0# - SOURCE OF DESCRIPTION NOTE | |
| Source of description note | Record created through migration from the Performing Arts Encyclopedia Database. |
| 650 ## - SUBJECT ADDED ENTRY--TOPICAL TERM | |
| Topical term or geographic name as entry element | Islamic biography (سوانح عمری - اسلامی شخصیات) |
| 9 (RLIN) | 16036 |
| 942 ## - ADDED ENTRY ELEMENTS (KOHA) | |
| Source of classification or shelving scheme | Dewey Decimal Classification |
| Koha item type | Books |
| Lost status | Source of classification or shelving scheme | Damaged status | Not for loan | Collection code | Permanent Location | Current Location | Shelving location | Date acquired | Total Checkouts | Full call number | Date last seen | Copy number | Koha item type |
|---|---|---|---|---|---|---|---|---|---|---|---|---|---|
| Dewey Decimal Classification | Not For Loan | Non-fiction | Central Library, University of Rajshahi | Central Library, University of Rajshahi | Reading Room | 15/07/2025 | U 297.092 HAM 1958 | 15/07/2025 | C-1 | Books |